000 00579nam a2200205 a 4500
005 20210223125525.0
008 041028s2002 es r 000 0 spa d
020 _a8432219762
035 _aUPN01000136054
049 _aCG
050 4 _aPG7158 G6
_bF7
100 1 _aGombrowicz, Witold,
_d1904-1969
_933048
245 1 0 _aFerdydurke /
_cWitold Gombrowicz ; pról. Ernesto Sábato.
260 _aBarcelona, Esp. :
_bSeix Barral,
_c2002.
300 _a317 p.
440 0 _aBiblioteca formentor
440 0 _aBiblioteca Gombrowicz
650 4 _aSATIRA POLACA
905 _aLibro
999 _c108205
_d108205